000 00650nam a22002057a 4500
003 OSt
005 20140310182201.0
008 130902t xxu||||| |||| 00| 0 eng d
020 _a0855326042
050 _aTX 771.2
_bP648 1987
082 _aHS 641.8653
_b P65 1987
100 _aPinder, Polly.
_916254
245 _aDecorating cakes for special occasions :
_bBirthday cake for the compulsine knitter /
_c Polly Pinder.
260 _aTunbridge Wells, Kent :
_bSearch Press Ltd,
_c1987.
300 _a126 p. ;
_bcol. ill. ;
_c29 cm.
650 _aDesserts
_916255
650 _a Decorating cakes
_916256
942 _2lcc
_cHS
999 _c10217
_d10217